[Event "Baden-ch U16"]
[Site "Karlsruhe"]
[Date "2014.01.06"]
[Round "7"]
[White "Spanke, Tobias"]
[Black "Fitzgerald, Samuel"]
[Result "1-0"]
[WhiteElo "1093"]
[BlackElo "917"]
[PlyCount "23"]
[EventDate "2014.01.??"]
[EventType "swiss"]
[EventRounds "7"]
[EventCountry "GER"]
[SourceTitle "EXT 2022"]
[Source "ChessBase"]
[SourceDate "2021.10.06"]
[SourceVersion "1"]
[SourceVersionDate "2021.10.06"]
[SourceQuality "1"]

1. e4 c5 2. Nf3 a6 3. d4 e6 4. c3 d6 5. dxc5 d5 6. Nbd2 Bxc5 7. exd5 exd5 8. Nb3 Qc7 9. Qxd5 Nd7 10. Bd3 Ne7 11. Qe4 0-0 12. Qxh7# 1-0